Statistiques concernant 5 pays les plus médaillés par jeux paralympiques d'été

Cliquez ici pour prendre le quiz!

Statistiques générales

  • Ce quiz a été pris 48 fois
  • Le résultat moyen est 73 sur 80

Statistiques - réponses

Jeux ParalympiquesPaysNombre Médailles% Correct
Canada96
100%
Canada72
100%
Canada153
100%
Canada149
100%
Canada130
100%
Pékin 2008Chine211
100%
Tokyo 2020Chine207
100%
Londres 2012Chine231
100%
Athènes 2004Chine141
100%
Rio 2016Chine239
100%
Royaume Uni
52
100%
Barcelone 1992États Unis175
100%
États Unis99
100%
Arnhem 1980États Unis195
100%
États Unis88
100%
New York / Stoke Mandeville 1984États Unis176
100%
Séoul 1988États Unis268
100%
Atlanta 1996États Unis158
100%
Toronto 1976États Unis155
100%
États Unis109
100%
États Unis74
100%
États Unis104
100%
États Unis25
100%
Tel Aviv 1968États Unis99
100%
États Unis115
100%
Tokyo 1964États Unis122
100%
France32
100%
France106
100%
France142
100%
Royaume Uni120
100%
Royaume Uni131
100%
Royaume Uni94
100%
Royaume Uni122
100%
Royaume Uni128
100%
Royaume Uni55
100%
Royaume Uni179
100%
Royaume Uni147
100%
Royaume Uni124
100%
Royaume Uni240
100%
Royaume Uni100
100%
Royaume Uni69
100%
Royaume Uni60
100%
Royaume Uni102
100%
Royaume Uni94
100%
Espagne106
98%
Espagne107
98%
Espagne107
98%
Allemagne149
95%
Allemagne de l'Ouest30
95%
Allemagne de l'Ouest189
95%
Allemagne de l'Ouest97
95%
Heidelberg 1972Allemagne de l'Ouest67
95%
Allemagne de l'Ouest171
95%
Allemagne de l'Ouest115
95%
Allemagne de l'Ouest161
95%
Rome 1960Italie80
95%
Italie53
95%
Sydney 2000Australie149
93%
Australie106
93%
Australie100
93%
Australie30
93%
Australie81
93%
Australie79
93%
Australie38
93%
Australie85
93%
Comité Paralympique Russe118
93%
Russie102
93%
Suède103
84%
Pays Bas59
73%
Pays Bas84
73%
Pays Bas38
73%
Autriche30
66%
Pologne177
61%
Ukraine117
57%
Ukraine74
57%
Ukraine84
57%
Afrique du Sud41
36%
Israël62
30%
Israël69
30%
Rhodésie17
0%

Distribution des résultats

Percentile par nombre de réponses

% des personnes avec chaque résultat

Votre développement - résultats

Vous n’avez pas pris ce quiz